[Event "Vellmar Chess Days"]
[Site "chess24.com"]
[Date "2015.08.07"]
[Round "2.16"]
[White "Zahn, Richard"]
[Black "Kobs, Stephan"]
[Result "1-0"]
[WhiteElo "2091"]
[BlackElo "1920"]
[PlyCount "39"]
[EventDate "2015.??.??"]
[WhiteTeam "Germany"]
[BlackTeam "Germany"]
[WhiteTeamCountry "GER"]
[BlackTeamCountry "GER"]
[WhiteClock "0:41:42"]
[BlackClock "0:02:19"]

1. f4 Nf6 2. Nf3 g6 3. e3 Bg7 4. d4 c5 5. c3 b6 6. Bd3 Bb7 7. Qe2 cxd4 8. exd4
O-O 9. f5 Bxf3 10. Qxf3 Nc6 11. O-O d5 12. Nd2 e5 13. fxe6 fxe6 14. Qh3 Qe8 15.
Nf3 e5 16. Ng5 e4 17. Be2 Qc8 18. Ne6 Re8 19. Nxg7 Qxh3 20. Nxe8 1-0

[Event "Vellmar Chess Days"]
[Site "chess24.com"]
[Date "2015.08.07"]
[Round "2.17"]
[White "Calvi, Stefan"]
[Black "Koellner, Ruben Gideon"]
[Result "0-1"]
[WhiteElo "2041"]
[BlackElo "1790"]
[PlyCount "101"]
[EventDate "2015.??.??"]
[WhiteTeam "Germany"]
[BlackTeam "Germany"]
[WhiteTeamCountry "GER"]
[BlackTeamCountry "GER"]
[WhiteClock "0:13:35"]
[BlackClock "0:56:05"]

1. e4 d6 2. d4 Nf6 3. Bd3 e5 4. c3 Be7 5. Nf3 Nbd7 6. O-O O-O 7. Nbd2 Re8 8.
Re1 Bf8 9. Nf1 b6 10. Ng3 Bb7 11. d5 c6 12. c4 Nc5 13. Bc2 a5 14. Bg5 cxd5 15.
exd5 Bc8 16. Nd2 Be7 17. h4 Nfd7 18. Nde4 Nxe4 19. Nxe4 Nf6 20. Ng3 Nd7 21. Qd3
g6 22. Bxe7 Qxe7 23. h5 Nc5 24. Qe2 Qg5 25. hxg6 hxg6 26. Ne4 Nxe4 27. Bxe4 Kg7
28. Qe3 Qxe3 29. Rxe3 Rh8 30. b4 f5 31. Bc2 Rh4 32. c5 bxc5 33. bxc5 Rc4 34.
cxd6 Rxc2 35. Rxe5 Ra6 36. Re7+ Kf6 37. Rc7 Rxc7 38. dxc7 Ke7 39. f4 Kd7 40.
Rc1 Kd6 41. Rc3 Kxd5 42. Kf2 Rc6 43. Ra3 Rc5 44. Kg3 Ke6 45. Kh4 Kf6 46. Rb3
Rxc7 47. Rb6+ Be6 48. Ra6 Rc2 49. Rxa5 Rxa2 50. Rb5 Rxg2 51. Rb4 0-1

[Event "Vellmar Chess Days"]
[Site "chess24.com"]
[Date "2015.08.07"]
[Round "2.19"]
[White "Verhoef, Pieter"]
[Black "Lukas, Anne"]
[Result "1-0"]
[WhiteElo "2015"]
[BlackElo "1801"]
[PlyCount "53"]
[EventDate "2015.??.??"]
[WhiteTeam "Netherlands"]
[BlackTeam "Germany"]
[WhiteTeamCountry "NED"]
[BlackTeamCountry "GER"]
[WhiteClock "1:05:00"]
[BlackClock "1:18:19"]

1. e4 c5 2. Nc3 Nc6 3. f4 g6 4. Nf3 Bg7 5. Bb5 Nd4 6. O-O a6 7. Bc4 e6 8. d3
Ne7 9. Nxd4 cxd4 10. Ne2 b5 11. Bb3 Bb7 12. Ng3 d5 13. f5 Be5 14. fxe6 fxe6 15.
a4 Qd6 16. axb5 axb5 17. Rxa8+ Bxa8 18. Qf3 dxe4 19. Nxe4 Bxe4 20. Qxe4 Bxh2+
21. Kh1 Nf5 22. Rxf5 gxf5 23. Qa8+ Qb8 24. Qc6+ Ke7 25. Bg5+ Kf8 26. Qxe6 Kg7
27. Qf7# 1-0

[Event "Vellmar Chess Days"]
[Site "chess24.com"]
[Date "2015.08.07"]
[Round "2.20"]
[White "Grosse-Hering, Peter"]
[Black "Kuschel, Heidi"]
[Result "1/2-1/2"]
[WhiteElo "1995"]
[BlackElo "1713"]
[PlyCount "110"]
[EventDate "2015.??.??"]
[WhiteTeam "Germany"]
[BlackTeam "Germany"]
[WhiteTeamCountry "GER"]
[BlackTeamCountry "GER"]
[WhiteClock "0:09:34"]
[BlackClock "0:21:48"]

1. Nf3 Nc6 2. g3 e5 3. d3 f5 4. e4 fxe4 5. dxe4 Nf6 6. Nbd2 Be7 7. Bg2 O-O 8.
O-O d6 9. c3 Kh8 10. Qe2 Bg4 11. Nc4 Qd7 12. Re1 Nd8 13. a4 a5 14. Bg5 h6 15.
Bd2 Nh7 16. Ne3 Be6 17. Nd5 Bg4 18. Qd3 Bxf3 19. Bxf3 Bg5 20. Re2 Bxd2 21. Rxd2
Ng5 22. Bg2 Nde6 23. h4 Nc5 24. Qe3 Nh7 25. Ra3 Nxa4 26. Nxc7 Qxc7 27. Rxa4 b5
28. Ra1 Nf6 29. Qd3 b4 30. Qxd6 Qxd6 31. Rxd6 bxc3 32. bxc3 Rfc8 33. Ra3 Rc4
34. Re6 Rc5 35. Bf3 Rac8 36. Kg2 Rxc3 37. Rxc3 Rxc3 38. Rxe5 Ra3 39. g4 g6 40.
Re7 Ra4 41. Kg3 g5 42. h5 Kg8 43. e5 Ne4+ 44. Kg2 Rd4 45. e6 Nf6 46. Kg3 Rf4
47. Ra7 a4 48. Ra8+ Kg7 49. Kg2 Ng8 50. Bc6 Rxg4+ 51. Kf3 Rf4+ 52. Ke3 Ne7 53.
Bxa4 Nd5+ 54. Kd3 Ne7 55. Bd1 Ng8 1/2-1/2

[Event "Vellmar Chess Days"]
[Site "chess24.com"]
[Date "2015.08.07"]
[Round "2.22"]
[White "Nies, Peter"]
[Black "Koenig, Friedrich Theodor"]
[Result "1-0"]
[WhiteElo "2056"]
[BlackElo "1730"]
[PlyCount "73"]
[EventDate "2015.??.??"]
[WhiteTeam "Germany"]
[BlackTeam "Germany"]
[WhiteTeamCountry "GER"]
[BlackTeamCountry "GER"]
[WhiteClock "1:00:52"]
[BlackClock "0:22:03"]

1. e4 c5 2. Nc3 d6 3. f4 Nc6 4. Bb5 a6 5. Bxc6+ bxc6 6. d3 Nf6 7. Nf3 g6 8. O-O
Bg7 9. Qe1 O-O 10. Qh4 Ne8 11. f5 Nf6 12. Bh6 Ra7 13. Ng5 Qd7 14. Bxg7 Kxg7 15.
fxg6 Qg4 16. Qxg4 Bxg4 17. gxh7 Nxh7 18. Nxh7 Kxh7 19. Rf4 Be6 20. Raf1 Rg8 21.
R1f3 Kg7 22. Rg3+ Kf8 23. Rxg8+ Kxg8 24. b3 a5 25. Kf2 Ra8 26. Rh4 Kg7 27. h3
Rg8 28. e5 Kf8 29. exd6 exd6 30. Ra4 Bd5 31. Nxd5 cxd5 32. Rxa5 Ke7 33. Kf3 Ke6
34. Rb5 Ke5 35. c3 f5 36. g3 Ke6 37. Rb7 1-0

[Event "Vellmar Chess Days"]
[Site "chess24.com"]
[Date "2015.08.07"]
[Round "2.23"]
[White "Maar, Samuel"]
[Black "Biastoch, Bennet"]
[Result "0-1"]
[WhiteElo "1902"]
[BlackElo "2046"]
[PlyCount "130"]
[EventDate "2015.??.??"]
[WhiteTeam "Germany"]
[BlackTeam "Germany"]
[WhiteTeamCountry "GER"]
[BlackTeamCountry "GER"]
[WhiteClock "0:12:20"]
[BlackClock "0:50:07"]

1. e4 c5 2. Nc3 d6 3. Nf3 Nf6 4. Be2 e6 5. d4 cxd4 6. Nxd4 a6 7. Be3 Be7 8. O-O
b5 9. Bf3 Nfd7 10. g3 O-O 11. a4 b4 12. Na2 Bb7 13. Nxb4 Ne5 14. Bg2 Nc4 15.
Bc1 d5 16. Na2 dxe4 17. b3 Ne5 18. Bb2 Bf6 19. Qe2 Nf3+ 20. Nxf3 Bxb2 21. Rad1
exf3 22. Bxf3 Qc7 23. c3 Bxf3 24. Qxf3 Nc6 25. Rd2 Ba3 26. b4 a5 27. Rfd1 axb4
28. cxb4 Bxb4 29. Rc2 Nd4 30. Rxc7 Nxf3+ 31. Kg2 Ba5 32. Rc5 Nd2 33. Rxa5 Rxa5
34. Rxd2 Rxa4 35. Nc3 Rc4 36. Nb5 h6 37. Nd6 Rb4 38. Rc2 Rd8 39. Rc6 Rb2 40.
Kf3 Rdb8 41. Rc7 Rd2 42. Nxf7 Rf8 43. Ke3 Rd5 44. Nxh6+ gxh6 45. f4 Rfd8 46.
Kf3 R8d7 47. Rc8+ Kf7 48. Kg4 Kf6 49. Kh4 Rd2 50. h3 R2d3 51. Rf8+ Rf7 52. Rh8
Re3 53. Rxh6+ Kg7 54. Rh5 Rf5 55. Rxf5 exf5 56. g4 Kf6 57. g5+ Kg7 58. g6 Kh6
59. g7 Kxg7 60. Kg5 Rxh3 61. Kxf5 Rh5+ 62. Kg4 Kg6 63. Kg3 Kf5 64. Kf3 Rh3+ 65.
Kg2 Ra3 0-1

[Event "Vellmar Chess Days"]
[Site "chess24.com"]
[Date "2015.08.07"]
[Round "2.24"]
[White "Schnegelsberg, Karl-Heinz"]
[Black "Bauch, Frank"]
[Result "0-1"]
[WhiteElo "2006"]
[BlackElo "1899"]
[PlyCount "59"]
[EventDate "2015.??.??"]
[WhiteTeam "Germany"]
[BlackTeam "Germany"]
[WhiteTeamCountry "GER"]
[BlackTeamCountry "GER"]
[WhiteClock "0:30:59"]
[BlackClock "0:05:06"]

1. Nf3 Nf6 2. g3 b6 3. Bg2 Bb7 4. d3 d5 5. O-O g6 6. Nbd2 Bg7 7. e4 dxe4 8. Ng5
O-O 9. Ngxe4 Nxe4 10. dxe4 Nd7 11. Re1 e5 12. Qe2 Nc5 13. h4 h5 14. Nc4 Ne6 15.
c3 Qe7 16. Ne3 c6 17. Nc4 Ba6 18. Bf1 Rfd8 19. Qc2 b5 20. Na5 Qc7 21. b4 c5 22.
a4 cxb4 23. axb5 Nd4 24. Qa2 Nf3+ 25. Kh1 Nxe1 26. Bg5 Qxc3 27. Bxd8 Rxd8 28.
Qb1 Qf3+ 29. Kg1 Qc3 30. Kh1 0-1

[Event "Vellmar Chess Days"]
[Site "chess24.com"]
[Date "2015.08.07"]
[Round "2.25"]
[White "Fabregas, Oliver"]
[Black "Kanbach, Mike"]
[Result "1-0"]
[WhiteElo "1957"]
[BlackElo "1872"]
[PlyCount "143"]
[EventDate "2015.??.??"]
[WhiteTeam "Germany"]
[BlackTeam "Germany"]
[WhiteTeamCountry "GER"]
[BlackTeamCountry "GER"]
[WhiteClock "0:15:11"]

1. Nf3 Nf6 2. g3 g6 3. Bg2 Bg7 4. O-O d6 5. d3 Nbd7 6. c4 c6 7. Nc3 O-O 8. Rb1
Qc7 9. b4 Re8 10. b5 e5 11. Ne1 Nc5 12. bxc6 bxc6 13. Nb5 cxb5 14. Bxa8 bxc4
15. Bg2 cxd3 16. Nxd3 Bf5 17. Be3 Nxd3 18. exd3 d5 19. Qd2 Qd7 20. Rfc1 h5 21.
Bc5 e4 22. Bf1 exd3 23. Bxd3 Ne4 24. Bxe4 Bxe4 25. Rb3 d4 26. f3 Bf5 27. Re1
Rxe1+ 28. Qxe1 d3 29. Rb8+ Kh7 30. Qe8 Qxe8 31. Rxe8 Bc3 32. Be3 a5 33. Rd8 a4
34. Bd4 Bxd4+ 35. Rxd4 Be6 36. Rxa4 d2 37. Rd4 d1=Q+ 38. Rxd1 Bxa2 39. Kf2 Kg7
40. Ke3 Bb3 41. Rd4 Be6 42. h4 Kf6 43. Kf4 Bb3 44. Rd3 Bc4 45. Rc3 Bd5 46. Ra3
Bb7 47. Ra7 Bd5 48. Ra6+ Be6 49. g4 hxg4 50. fxg4 g5+ 51. Kg3 gxh4+ 52. Kxh4
Kg6 53. Rb6 Kh6 54. Kg3 Kg5 55. Rb5+ Kg6 56. Kf4 Kf6 57. Rg5 Ke7 58. Rh5 Bb3
59. g5 Bc2 60. Ke5 Bb1 61. Rh1 Bg6 62. Ra1 Kf8 63. Kf6 Kg8 64. Ra7 Bh5 65. Ra8+
Kh7 66. Rf8 Bg6 67. Rxf7+ Bxf7 68. Kxf7 Kh8 69. Kg6 Kg8 70. Kh6 Kh8 71. g6 Kg8
72. g7 1-0

[Event "Vellmar Chess Days"]
[Site "chess24.com"]
[Date "2015.08.07"]
[Round "2.27"]
[White "Reitz, Philipp"]
[Black "Stuckenschneider, Martin"]
[Result "1/2-1/2"]
[WhiteElo "1773"]
[BlackElo "1947"]
[PlyCount "46"]
[EventDate "2015.??.??"]
[WhiteTeam "Germany"]
[BlackTeam "Germany"]
[WhiteTeamCountry "GER"]
[BlackTeamCountry "GER"]
[WhiteClock "0:49:32"]
[BlackClock "0:41:44"]

1. e4 c5 2. Nc3 a6 3. Bc4 e6 4. a4 Nc6 5. Nf3 Nf6 6. O-O d5 7. exd5 exd5 8.
Re1+ Be7 9. Bf1 d4 10. Ne2 O-O 11. Ng3 Bd6 12. Bc4 Bg4 13. d3 Ne5 14. Bb3 h6
15. Bf4 Nxf3+ 16. gxf3 Bxf4 17. fxg4 Qd7 18. Nf5 Rae8 19. Qf3 Bd2 20. Re2 Ba5
21. h3 Rxe2 22. Qxe2 Re8 23. Qf3 Kh7 1/2-1/2

[Event "Vellmar Chess Days"]
[Site "chess24.com"]
[Date "2015.08.07"]
[Round "2.28"]
[White "Bleecke, Sebastian"]
[Black "Rafiee, Kayvan"]
[Result "1-0"]
[WhiteElo "1932"]
[BlackElo "1844"]
[PlyCount "117"]
[EventDate "2015.??.??"]
[WhiteTeam "Germany"]
[BlackTeam "Germany"]
[WhiteTeamCountry "GER"]
[BlackTeamCountry "GER"]
[WhiteClock "0:07:16"]
[BlackClock "0:17:35"]

1. e4 c5 2. Nf3 d6 3. d4 cxd4 4. Nxd4 Nf6 5. Nc3 g6 6. Be3 Bg7 7. f3 a6 8. Qd2
b5 9. a4 b4 10. Nd5 Nxd5 11. exd5 Bb7 12. Bc4 Qa5 13. O-O Nd7 14. Rfd1 Rc8 15.
Nb3 Qc7 16. Qxb4 Rb8 17. Ba7 Rc8 18. Bd4 Bxd4+ 19. Rxd4 Nb6 20. Na5 Nxc4 21.
Rxc4 Qd7 22. Rxc8+ Bxc8 23. Re1 O-O 24. Re4 Qc7 25. Nc6 Re8 26. a5 Qd7 27. Qe1
e6 28. Qh4 Bb7 29. Rb4 Bxc6 30. dxc6 Qxc6 31. Qc4 Qxc4 32. Rxc4 d5 33. Rc6 Rb8
34. b3 Ra8 35. Kf2 Kg7 36. Ke3 e5 37. Kd3 Ra7 38. Rd6 d4 39. c4 dxc3 40. Kxc3
Kh6 41. Kc4 Kg5 42. Kd5 Kf5 43. Kc6 Re7 44. Kb6 e4 45. fxe4+ Rxe4 46. Kxa6 Re2
47. Kb7 Rxg2 48. a6 Rb2 49. a7 Rxb3+ 50. Rb6 Ra3 51. Ra6 Rxa6 52. Kxa6 h5 53.
a8=Q Kg5 54. Qg2+ Kh6 55. Kb5 f5 56. Kc5 h4 57. Kd5 g5 58. Ke5 Kg6 59. Qc6+ 1-0

[Event "Vellmar Chess Days"]
[Site "chess24.com"]
[Date "2015.08.07"]
[Round "2.29"]
[White "Rehbein, Ullrich"]
[Black "Sevall, Jacob"]
[Result "0-1"]
[WhiteElo "1832"]
[BlackElo "1931"]
[PlyCount "102"]
[EventDate "2015.??.??"]
[WhiteTeam "Germany"]
[BlackTeam "Germany"]
[WhiteTeamCountry "GER"]
[BlackTeamCountry "GER"]
[WhiteClock "0:16:18"]
[BlackClock "1:20:48"]

1. d4 d5 2. Nf3 Nf6 3. c4 c6 4. Nc3 dxc4 5. e4 b5 6. e5 Nd5 7. b3 Nxc3 8. Qc2
Nd5 9. bxc4 bxc4 10. Bxc4 e6 11. O-O Be7 12. Rb1 Nd7 13. Bxd5 cxd5 14. Qc6 Ba6
15. Qxa6 O-O 16. Bd2 Nb6 17. Ba5 Qc8 18. Qxc8 Rfxc8 19. Bxb6 axb6 20. Rfc1
Rxc1+ 21. Rxc1 Rxa2 22. Rc8+ Bf8 23. g4 h6 24. h4 g6 25. Kg2 Kg7 26. Rb8 Rb2
27. Kg3 b5 28. Ne1 b4 29. Kf3 Rb1 30. Ke2 b3 31. Rb7 Ba3 32. Nd3 b2 33. Rb6 Rh1
34. Nxb2 Bxb2 35. Rxb2 Rxh4 36. Kf3 Rh3+ 37. Ke2 Rh4 38. Kf3 h5 39. gxh5 Rxd4
40. hxg6 Kxg6 41. Kg3 Kf5 42. Rb7 Rd3+ 43. f3 Kxe5 44. Rxf7 Ra3 45. Kf2 d4 46.
Rd7 Ra5 47. Rd8 Rd5 48. Rh8 d3 49. Rh1 Kd4 50. Rc1 d2 51. Rd1 Kd3 0-1

[Event "Vellmar Chess Days"]
[Site "chess24.com"]
[Date "2015.08.07"]
[Round "2.30"]
[White "Mueller, Joachim"]
[Black "Koerber, Thomas"]
[Result "1/2-1/2"]
[WhiteElo "1923"]
[BlackElo "1798"]
[PlyCount "76"]
[EventDate "2015.??.??"]
[WhiteTeam "Germany"]
[BlackTeam "Germany"]
[WhiteTeamCountry "GER"]
[BlackTeamCountry "GER"]
[WhiteClock "0:01:55"]
[BlackClock "0:09:57"]

1. d4 d5 2. c4 e6 3. Nc3 c6 4. e3 Nf6 5. Nf3 Bb4 6. a3 Bxc3+ 7. bxc3 h6 8. Bd3
Nbd7 9. O-O O-O 10. Bb2 Re8 11. cxd5 exd5 12. c4 dxc4 13. Bxc4 Nb6 14. Bb3 Bg4
15. h3 Bh5 16. Re1 Nbd5 17. Rc1 Qb6 18. g4 Nxg4 19. hxg4 Bxg4 20. e4 Bxf3 21.
Qxf3 Nf6 22. d5 cxd5 23. exd5 Rxe1+ 24. Rxe1 Ne8 25. Qg3 Nf6 26. Re3 Kh7 27.
Qe5 Rd8 28. Rf3 Rd6 29. Bc2+ Kg8 30. Rb3 Qd8 31. Rxb7 Rb6 32. Rxa7 Ne8 33. Bd4
Rb8 34. Qe7 Qxd5 35. Rd7 Qh5 36. Be4 Qg4+ 37. Kf1 Qd1+ 38. Kg2 Qg4+ 1/2-1/2

[Event "Vellmar Chess Days"]
[Site "chess24.com"]
[Date "2015.08.07"]
[Round "2.31"]
[White "Freier, Werner"]
[Black "Wastian, Jan"]
[Result "1/2-1/2"]
[WhiteElo "1912"]
[BlackElo "1760"]
[PlyCount "57"]
[EventDate "2015.??.??"]
[WhiteTeam "Germany"]
[BlackTeam "Germany"]
[WhiteTeamCountry "GER"]
[BlackTeamCountry "GER"]
[WhiteClock "0:10:17"]
[BlackClock "0:10:26"]

1. e4 c6 2. d4 d5 3. exd5 cxd5 4. c4 Nf6 5. Nc3 Be6 6. c5 g6 7. b4 Bg7 8. Be2
O-O 9. Be3 Ne4 10. Rc1 f5 11. Nxe4 dxe4 12. Qd2 f4 13. Bxf4 Bxd4 14. Be3 Bxe3
15. Qxe3 Nc6 16. Qxe4 Bd5 17. Bc4 e6 18. Bxd5 exd5 19. Qe6+ Kh8 20. Kf1 Qg5 21.
Rd1 Rae8 22. Nf3 Qf4 23. Qxd5 Rd8 24. Qb3 Rxd1+ 25. Qxd1 Qxb4 26. h4 Qxc5 27.
h5 Kg7 28. Kg1 Rd8 29. Qa1+ 1/2-1/2

[Event "Vellmar Chess Days"]
[Site "chess24.com"]
[Date "2015.08.07"]
[Round "2.32"]
[White "Kalkuhl, Thorsten"]
[Black "Verhoef, Ruud"]
[Result "1-0"]
[WhiteElo "1731"]
[BlackElo "1911"]
[PlyCount "83"]
[EventDate "2015.??.??"]
[WhiteTeam "Germany"]
[BlackTeam "Netherlands"]
[WhiteTeamCountry "GER"]
[BlackTeamCountry "NED"]
[WhiteClock "0:36:25"]
[BlackClock "0:09:59"]

1. c4 c5 2. g3 Nc6 3. Bg2 g6 4. e3 Bg7 5. Ne2 e5 6. Nbc3 Nge7 7. Rb1 O-O 8. a3
a5 9. O-O d6 10. d3 Bd7 11. Nb5 Be6 12. Nec3 d5 13. cxd5 Nxd5 14. Nxd5 Bxd5 15.
Bxd5 Qxd5 16. Nc7 Qa2 17. Nxa8 Qxb1 18. Qb3 e4 19. Qxb7 Ne5 20. dxe4 Nd3 21.
Bd2 Qxb2 22. Qxb2 Bxb2 23. Nc7 c4 24. Nd5 a4 25. Bc3 Bxc3 26. Nxc3 Rb8 27. Nxa4
Rb3 28. Ra1 c3 29. Ra2 Nb4 30. axb4 c2 31. Rxc2 Rxb4 32. Nc5 Kg7 33. e5 g5 34.
f4 Rb1+ 35. Kg2 Re1 36. e4 gxf4 37. gxf4 h5 38. f5 h4 39. Rf2 Rc1 40. Nd7 Rc7
41. f6+ Kh6 42. e6 1-0

[Event "Vellmar Chess Days"]
[Site "chess24.com"]
[Date "2015.08.07"]
[Round "2.33"]
[White "Grcic, Vukasin"]
[Black "van Leyen, Peter"]
[Result "1-0"]
[WhiteElo "1905"]
[BlackElo "1730"]
[PlyCount "58"]
[EventDate "2015.??.??"]
[WhiteTeam "Serbia"]
[BlackTeam "Germany"]
[WhiteTeamCountry "SRB"]
[BlackTeamCountry "GER"]
[WhiteClock "1:17:48"]
[BlackClock "0:58:08"]

1. e4 c6 2. d4 d5 3. Nc3 dxe4 4. Nxe4 Bf5 5. Ng3 Bg6 6. h4 h6 7. Nf3 Nd7 8. h5
Bh7 9. Bd3 Bxd3 10. Qxd3 Ngf6 11. Bf4 Nd5 12. Bd2 e6 13. O-O-O Bd6 14. Ne4 Be7
15. c4 Nb4 16. Qb3 a5 17. a3 a4 18. Qe3 Na6 19. Bc3 O-O 20. g4 b5 21. g5 b4 22.
gxh6 bxa3 23. hxg7 axb2+ 24. Bxb2 a3 25. gxf8=Q+ Kxf8 26. Ba1 Nb4 27. h6 Qb6
28. h7 Na2+ 29. Kd2 Bb4+ 1-0

[Event "Vellmar Chess Days"]
[Site "chess24.com"]
[Date "2015.08.07"]
[Round "2.34"]
[White "Koronowski, Heinz-Juergen"]
[Black "Hilgert, Viktor"]
[Result "1-0"]
[WhiteElo "1700"]
[BlackElo "1905"]
[PlyCount "39"]
[EventDate "2015.??.??"]
[WhiteTeam "Germany"]
[BlackTeam "Germany"]
[WhiteTeamCountry "GER"]
[BlackTeamCountry "GER"]
[WhiteClock "0:59:35"]
[BlackClock "0:35:15"]

1. e4 c5 2. Nc3 Nc6 3. f4 g6 4. Nf3 Bg7 5. Bb5 a6 6. Bxc6 dxc6 7. O-O Nf6 8. d3
O-O 9. Qe1 Qc7 10. Qh4 Bg4 11. Be3 Bxf3 12. Rxf3 b6 13. f5 Nh5 14. g4 Bf6 15.
Qh3 Ng7 16. Qh6 Bd4 17. Raf1 Ne8 18. Bxd4 cxd4 19. fxg6 hxg6 20. Rh3 1-0

[Event "Vellmar Chess Days"]
[Site "chess24.com"]
[Date "2015.08.07"]
[Round "3.1"]
[White "Langheinrich, Ferenc"]
[Black "Schroeder, Kevin"]
[Result "1/2-1/2"]
[WhiteElo "2385"]
[BlackElo "2175"]
[PlyCount "77"]
[EventDate "2015.??.??"]
[WhiteTeam "Germany"]
[BlackTeam "Germany"]
[WhiteTeamCountry "GER"]
[BlackTeamCountry "GER"]
[WhiteClock "0:09:33"]
[BlackClock "0:01:14"]

1. e4 e5 2. f4 exf4 3. Bc4 Ne7 4. Nc3 c6 5. Bb3 d5 6. exd5 cxd5 7. d4 Nbc6 8.
Bxf4 Ng6 9. Nge2 Be6 10. Qd2 Be7 11. O-O-O O-O 12. Kb1 Rc8 13. h4 Bxh4 14. g3
Bf6 15. Rh5 Nxf4 16. Nxf4 g6 17. Rhh1 Bg4 18. Nfxd5 Bg7 19. Rde1 Re8 20. Rxe8+
Qxe8 21. Qf4 Be6 22. Ne4 Bxd5 23. Bxd5 Rd8 24. Nd6 Qe7 25. Bxf7+ Kh8 26. Ne4
Rf8 27. Ng5 h6 28. d5 Ne5 29. Qe3 Qf6 30. c3 Nxf7 31. Ne6 Qf5+ 32. Kc1 Qxd5 33.
Rd1 Qxa2 34. Nxf8 Qa1+ 35. Kc2 Qa4+ 36. Kc1 Qa1+ 37. Kc2 Qa4+ 38. Kc1 Qa1+ 39.
Kc2 1/2-1/2

[Event "Vellmar Chess Days"]
[Site "chess24.com"]
[Date "2015.08.07"]
[Round "3.2"]
[White "Hahn, Markus"]
[Black "Heinelt, Manfred"]
[Result "1/2-1/2"]
[WhiteElo "2303"]
[BlackElo "2171"]
[PlyCount "145"]
[EventDate "2015.??.??"]
[WhiteTeam "Germany"]
[BlackTeam "Germany"]
[WhiteTeamCountry "GER"]
[BlackTeamCountry "GER"]
[WhiteClock "0:01:36"]
[BlackClock "0:23:09"]

1. d4 Nf6 2. c4 c5 3. d5 e6 4. Nc3 exd5 5. cxd5 d6 6. e4 g6 7. h3 Bg7 8. Nf3
O-O 9. Bd3 b5 10. Bxb5 Nxe4 11. Nxe4 Qa5+ 12. Nfd2 Qxb5 13. Nxd6 Qa6 14. N2c4
Nd7 15. O-O Nb6 16. Nxb6 Qxb6 17. Nxc8 Raxc8 18. Rb1 Rfd8 19. Bf4 Qa6 20. Qf3
Qxa2 21. d6 Qa6 22. Rbd1 Rd7 23. Rfe1 Qb5 24. Re7 Bf6 25. Rxd7 Qxd7 26. b3 Kg7
27. Bh6+ Kxh6 28. Qxf6 Re8 29. g4 Re6 30. g5+ Kh5 31. Qf4 Re8 32. Kg2 Qf5 33.
Qxf5 gxf5 34. f4 Kg6 35. Kg3 Rd8 36. d7 Kg7 37. Kh4 Kf8 38. Rd5 Ke7 39. Rxf5
Rxd7 40. Rxc5 Rb7 41. Rc6 Rxb3 42. Rc7+ Kf8 43. Rxa7 Kg7 44. f5 Rb5 45. Kg4 h5+
46. gxh6+ Kxh6 47. Ra6+ Kg7 48. h4 f6 49. Ra7+ Kh6 50. Ra4 Rb1 51. Rd4 Rg1+ 52.
Kf4 Rf1+ 53. Ke4 Re1+ 54. Kf3 Rf1+ 55. Kg4 Rg1+ 56. Kh3 Rf1 57. Rd5 Rf4 58. Kg3
Ra4 59. Rd6 Ra3+ 60. Kf2 Kg7 61. Rd7+ Kh6 62. Rf7 Ra6 63. Kf3 Rb6 64. Ke4 Rd6
65. Re7 Rd1 66. Re6 Kg7 67. h5 Re1+ 68. Kd5 Rd1+ 69. Ke4 Re1+ 70. Kf3 Rf1+ 71.
Kg4 Rg1+ 72. Kf4 Rf1+ 73. Ke4 1/2-1/2

[Event "Vellmar Chess Days"]
[Site "chess24.com"]
[Date "2015.08.07"]
[Round "3.3"]
[White "Yu, Ting"]
[Black "Kersten, Uwe"]
[Result "1/2-1/2"]
[WhiteElo "2148"]
[BlackElo "2300"]
[PlyCount "48"]
[EventDate "2015.??.??"]
[WhiteTeam "China"]
[BlackTeam "Germany"]
[WhiteTeamCountry "CHN"]
[BlackTeamCountry "GER"]
[WhiteClock "0:10:42"]
[BlackClock "0:13:17"]

1. e4 c5 2. Nf3 e6 3. d4 cxd4 4. Nxd4 a6 5. Bd3 Nf6 6. O-O d6 7. c4 b6 8. Nc3
Bb7 9. b3 Nbd7 10. Re1 Be7 11. Bb2 O-O 12. Rc1 Re8 13. Bb1 Bf8 14. Qf3 Qc7 15.
Qg3 g6 16. Rcd1 Rac8 17. Nf3 Qb8 18. Ng5 Ba8 19. a4 Bc6 20. f4 Nh5 21. Qf3 b5
22. axb5 axb5 23. cxb5 Bxb5 24. e5 Bc6 1/2-1/2

[Event "Vellmar Chess Days"]
[Site "chess24.com"]
[Date "2015.08.07"]
[Round "3.4"]
[White "Dorst, Johannes"]
[Black "Clemens, Adrian"]
[Result "1/2-1/2"]
[WhiteElo "2207"]
[BlackElo "2170"]
[PlyCount "108"]
[EventDate "2015.??.??"]
[WhiteTeam "Germany"]
[BlackTeam "Netherlands"]
[WhiteTeamCountry "GER"]
[BlackTeamCountry "NED"]
[WhiteClock "0:13:12"]
[BlackClock "0:26:01"]

1. e4 c5 2. Nc3 Nc6 3. Bb5 Nd4 4. Bc4 e6 5. Nf3 a6 6. Nxd4 cxd4 7. Ne2 b5 8.
Bd3 Bc5 9. b4 Bxb4 10. Nxd4 Nf6 11. e5 Nd5 12. Qg4 O-O 13. Be4 Bb7 14. Qh3 g6
15. O-O f5 16. Bf3 Be7 17. Re1 Qc7 18. c3 Rfc8 19. Qg3 Qd8 20. Bxd5 Bxd5 21.
Ne2 Rc4 22. d4 b4 23. cxb4 Rxb4 24. Be3 Rab8 25. Nf4 Bh4 26. Qh3 Be4 27. g3 Bg5
28. Qf1 Bxf4 29. Bxf4 Rxd4 30. Qxa6 Ra8 31. Qe2 Ra3 32. Be3 Rda4 33. Bc5 Rc3
34. Rac1 Rxc1 35. Rxc1 Qa8 36. Qb5 Bc6 37. Qb6 Rxa2 38. Be7 Ra1 39. Qb2 Bh1 40.
f3 Rxc1+ 41. Qxc1 Bxf3 42. Qc7 Bc6 43. Qd8+ Qxd8 44. Bxd8 Kf7 45. Kf2 d5 46.
exd6 e5 47. Ke3 Ke6 48. Be7 Kd5 49. h4 h6 50. Bf8 g5 51. hxg5 hxg5 52. Bh6 f4+
53. gxf4 exf4+ 54. Kf2 Kxd6 1/2-1/2

[Event "Vellmar Chess Days"]
[Site "chess24.com"]
[Date "2015.08.07"]
[Round "3.5"]
[White "Balje, Jan"]
[Black "Sieber, Fiona"]
[Result "1-0"]
[WhiteElo "2189"]
[BlackElo "2098"]
[PlyCount "111"]
[EventDate "2015.??.??"]
[WhiteTeam "Netherlands"]
[BlackTeam "Germany"]
[WhiteTeamCountry "NED"]
[BlackTeamCountry "GER"]
[WhiteClock "0:14:33"]
[BlackClock "0:25:00"]

1. d4 Nf6 2. c4 g6 3. Nf3 Bg7 4. g3 d5 5. cxd5 Nxd5 6. Bg2 Nb6 7. Nc3 Nc6 8. e3
O-O 9. O-O Re8 10. b3 e5 11. dxe5 Bg4 12. h3 Nxe5 13. hxg4 Qxd1 14. Rxd1 Nxf3+
15. Bxf3 Bxc3 16. Rb1 Rad8 17. Ba3 c6 18. Rbc1 Be5 19. Bc5 Rd7 20. a4 Red8 21.
Rxd7 Rxd7 22. Rd1 Bb8 23. g5 Rxd1+ 24. Bxd1 Nd7 25. Ba3 Kg7 26. f4 h6 27. Bg4
Nb6 28. gxh6+ Kxh6 29. e4 g5 30. Bc1 gxf4 31. gxf4 c5 32. Kg2 Kg6 33. Kf3 Na8
34. e5 Nc7 35. Bc8 b5 36. f5+ Kg7 37. Ke4 Kf8 38. Ba3 b4 39. Bc1 a5 40. Be3 Ba7
41. Bb7 Ke7 42. Bc6 Bb6 43. Bg5+ Kf8 44. Kd3 Ne8 45. Kc4 f6 46. Bh6+ Ke7 47.
Bxe8 Kxe8 48. exf6 Kf7 49. Bg5 Bd8 50. Kxc5 Bc7 51. Kc6 Bd8 52. Kb5 Bc7 53. Bh4
Bd8 54. Bf2 Bc7 55. Bd4 Bd8 56. Bb6 1-0

[Event "Vellmar Chess Days"]
[Site "chess24.com"]
[Date "2015.08.07"]
[Round "3.6"]
[White "Koellner, Christoph"]
[Black "Humburg, Philipp"]
[Result "0-1"]
[WhiteElo "2021"]
[BlackElo "2186"]
[PlyCount "148"]
[EventDate "2015.??.??"]
[WhiteTeam "Germany"]
[BlackTeam "Germany"]
[WhiteTeamCountry "GER"]
[BlackTeamCountry "GER"]
[WhiteClock "0:03:18"]
[BlackClock "0:17:40"]

1. d4 Nf6 2. Nf3 d5 3. e3 c6 4. Nbd2 Bg4 5. h3 Bh5 6. g4 Bg6 7. Ne5 Nfd7 8.
Nxg6 hxg6 9. c4 e6 10. Qb3 Qb6 11. Bg2 Qxb3 12. axb3 Na6 13. f4 Nb4 14. Ke2 b6
15. Nb1 Be7 16. Bd2 O-O 17. Na3 f5 18. g5 Rfc8 19. h4 Kf7 20. Bf3 Rh8 21. Rh2
Rh7 22. Rah1 Rah8 23. Bxb4 Bxb4 24. Nc2 Bd6 25. Ne1 Ke7 26. Nd3 a5 27. Kf2 Nb8
28. Kg3 Na6 29. Ra1 Nb4 30. Nxb4 Bxb4 31. Rc1 Kd7 32. cxd5 exd5 33. Rhc2 c5 34.
h5 gxh5 35. Bxd5 Re8 36. Kf3 g6 37. Bc4 Kc7 38. Bb5 Re6 39. d5 Ree7 40. Rd1 Kd6
41. Rc4 h4 42. Rc2 Rh8 43. Re2 Rhh7 44. Bd3 h3 45. Rh2 Rh8 46. e4 fxe4+ 47.
Bxe4 Rhe8 48. Bxg6 Re3+ 49. Kg4 Rh8 50. Bf7 Be1 51. Rh1 Rg3+ 52. Kf5 Bf2 53.
Kg6 Rh4 54. Be6 h2 55. Rdf1 Rg1 56. f5 Rxf1 57. Rxf1 Bg1 58. f6 h1=Q 59. f7 Rh8
60. f8=Q+ Rxf8 61. Rxf8 Be3 62. Rf5 Qb1 63. Kf7 Qxb2 64. g6 Bd4 65. Rg5 Bg7 66.
Rf5 b5 67. Ke8 a4 68. Rf7 c4 69. b4 Bf6 70. Rd7+ Ke5 71. g7 Bxg7 72. Rxg7 a3
73. Ke7 Qxb4+ 74. Kd8 Qf8+ 0-1